000 00209nam a22000977a 4500
999 _c15758
_d15758
003 OSt
008 191015b ||||| |||| 00| 0 eng d
100 _a vallathol
_94295
245 _aGrama soubhagyam
942 _cBK